| Tag |
First Indicator |
Second Indicator |
Subfields |
| LEADER |
00000pam a2200000 a 4500 |
| 001 |
in00000098054 |
| 005 |
20150924085522.0 |
| 008 |
810108s1981 nyu b 00110 engm |
| 010 |
|
|
|a 80026710
|
| 019 |
|
|
|a 7107615
|
| 020 |
|
|
|a 0914236555 :
|c $29.50
|
| 020 |
|
|
|a 0914236660 (pbk.) :
|c $24.50
|
| 035 |
|
|
|a (OCoLC)07103189
|
| 035 |
|
|
|9 AAK9418AM
|
| 039 |
0 |
|
|a 2
|b 3
|c 3
|d 3
|e 3
|
| 040 |
|
|
|a DLC
|c DLC
|d m.c.
|d TXA
|d UtOrBLW
|
| 043 |
|
|
|a n-us---
|
| 049 |
|
|
|a TXAM
|c [1562180]
|
| 050 |
0 |
0 |
|a Z674.8
|b M373
|
| 082 |
0 |
|
|a 021.6/5
|2 19
|
| 100 |
1 |
|
|a Martin, Susan K.,
|d 1942-
|
| 245 |
1 |
0 |
|a Library networks, 1981-82 /
|c by Susan K. Martin.
|
| 264 |
|
1 |
|a White Plains, N.Y. :
|b Knowledge Industry Publications,
|c [1981]
|
| 264 |
|
4 |
|c ©1981
|
| 300 |
|
|
|a 160 pages ;
|c 28 cm.
|
| 336 |
|
|
|a text
|b txt
|2 rdacontent
|
| 337 |
|
|
|a unmediated
|b n
|2 rdamedia
|
| 338 |
|
|
|a volume
|b nc
|2 rdacarrier
|
| 490 |
1 |
|
|a The Professional librarian series
|
| 500 |
|
|
|a Includes index.
|
| 504 |
|
|
|a Bibliography: pages 154-156.
|
| 650 |
|
0 |
|a Library information networks
|z United States.
|
| 830 |
|
0 |
|a Professional librarian series.
|
| 999 |
|
|
|a MARS
|
| 999 |
f |
f |
|s 940796d0-5790-3509-8651-669a37e04029
|i bcba4af0-8044-3870-b7ff-8f98bd7a27ec
|t 0
|
| 952 |
f |
f |
|p ric
|a Texas A&M University
|b Rellis Campus
|c Joint Library Facility
|d Remote Storage
|t 0
|e Z674.8 M373
|h Library of Congress classification
|i unmediated -- volume
|m A14806021221
|
| 998 |
f |
f |
|a Z674.8 M373
|t 0
|l Remote Storage
|